1640 1300 1469 1425 1787 1963 1612 1538 1584 1520 1606 1057 1642 1140 1268 1840 1090 1382 1540 1178 1839 1061 1032 1338 1051 1045 1166 1319 1869 1122 1990 1044 1101 1639 1233 1968 1959 1522 1628 1608 1717 1336 1757 1691 1114 1761 1774 1183 1230 1517 1640 1535 1513 1590 1917 1820 1852 1516 1811 1232 1019 1029 1798 1669 1035 1492 1670 1275 1083 1323 1062 1633 1299 1522 1356 1034 1747 1168 1276 1572 1022 1989 1090 1876 1128 1172 1342 1105 1955 1751 1381 1685 1849 1671 1691 1437 1307 1406 1690 BCNSPRNW ULIB Ver.6.0+V

เปลี่ยนเป็นภาษาไทย

Change to English
 แสดงรายละเอียดบรรณานุกรม
  กลับหน้าหลัก

Brief Record : Get Marc (ISO 2709) : E-mail record : QR code < ปิดหน้าต่าง
LEADER : 00000nam a2200000Ia 4500
001    13399125419
003     ULIB
008    151123s2558 th a 000 0 tha d
020    ^a9789740334057
060 04 ^aQW160^bด148ว
100 0  ^aดลฤดี สงวนเสริมศรี
245 10 ^aไวรัสวิทยาทางการแพทย์พื้นฐาน =^bFundamental of medical virology/^cดลฤดี สงวนเสริมศรี
246 31 ^aFundamental of medical virology
250    ^aพิมพ์ครั้งที่ 1
260    ^aกรุงเทพฯ :^bสำนักพิมพ์แห่งจุฬาลงกรณ์มหาวิทยาลัย,^c2558
300    ^a142 หน้า :^bภาพประกอบ ;^c21 ซม.
650  0 ^aMedical virology
650  2 ^aVirology
650  4 ^aไวรัสวิทยาทางการแพทย์
650  4 ^aไวรัสวิทยา
945    ^p150^l0^i24556
945    ^p150^l0^i24558
945    ^p150^l0^i24584
945    ^p150^l0^i24587
945    ^p150^l0^i24588
945    ^p150^l0^i24593
945    ^p150^l0^i24594
945    ^p150^l0^i24597
945    ^p150^l0^i24598
945    ^p150^l0^i24619
995    ^aกัณชพร
999    ^aกัณชพร
รายการนี้ยังไม่มีแท็ก
คุณยังไม่ได้ล็อกอิน คุณสามารถมีกิจกรรมร่วมกับเว็บไซต์ได้ แต่ต้องล็อกอินก่อน ::
  ล็อกอิน

รายการสื่อสารสนเทศ

ลำดับที่ ประเภท เลขเรียก/บาร์โค้ด สถานที่ สถานะ
1. หนังสือสำรอง
หนังสือสำรอง
สถานะ=หนังสือเก่า
QW160 ด148ว ฉ.1 
  Barcode: 24556
ห้องสมุดวิทยาเขตนครสวรรค์
►ส่วนจัดเก็บหนังสือเก่า นว.
บนชั้น
  ขอยืม
2. วิทยาศาสตร์การแพทย์ และสุขภาพ
วิทยาศาสตร์การแพทย์ และสุขภาพ
สถานะ=หนังสือเก่า
QW160 ด148ว ฉ.10 
  Barcode: 24619
ห้องสมุดวิทยาเขตนครสวรรค์
►ส่วนจัดเก็บหนังสือเก่า นว.
บนชั้น
  ขอยืม
3. วิทยาศาสตร์การแพทย์ และสุขภาพ
วิทยาศาสตร์การแพทย์ และสุขภาพ
สถานะ=หนังสือเก่า
QW160 ด148ว ฉ.2 
  Barcode: 24558
ห้องสมุดวิทยาเขตนครสวรรค์
►ส่วนจัดเก็บหนังสือเก่า นว.
บนชั้น
  ขอยืม
4. วิทยาศาสตร์การแพทย์ และสุขภาพ
วิทยาศาสตร์การแพทย์ และสุขภาพ
สถานะ=หนังสือเก่า
QW160 ด148ว ฉ.3 
  Barcode: 24584
ห้องสมุดวิทยาเขตนครสวรรค์
►ส่วนจัดเก็บหนังสือเก่า นว.
บนชั้น
  ขอยืม
5. วิทยาศาสตร์การแพทย์ และสุขภาพ
วิทยาศาสตร์การแพทย์ และสุขภาพ
สถานะ=หนังสือเก่า
QW160 ด148ว ฉ.4 
  Barcode: 24587
ห้องสมุดวิทยาเขตนครสวรรค์
►ส่วนจัดเก็บหนังสือเก่า นว.
บนชั้น
  ขอยืม
6. วิทยาศาสตร์การแพทย์ และสุขภาพ
วิทยาศาสตร์การแพทย์ และสุขภาพ
สถานะ=หนังสือเก่า
QW160 ด148ว ฉ.5 
  Barcode: 24588
ห้องสมุดวิทยาเขตนครสวรรค์
►ส่วนจัดเก็บหนังสือเก่า นว.
บนชั้น
  ขอยืม
7. วิทยาศาสตร์การแพทย์ และสุขภาพ
วิทยาศาสตร์การแพทย์ และสุขภาพ
สถานะ=หนังสือเก่า
QW160 ด148ว ฉ.6 
  Barcode: 24593
ห้องสมุดวิทยาเขตนครสวรรค์
►ส่วนจัดเก็บหนังสือเก่า นว.
บนชั้น
  ขอยืม
8. วิทยาศาสตร์การแพทย์ และสุขภาพ
วิทยาศาสตร์การแพทย์ และสุขภาพ
สถานะ=หนังสือเก่า
QW160 ด148ว ฉ.7 
  Barcode: 24594
ห้องสมุดวิทยาเขตนครสวรรค์
►ส่วนจัดเก็บหนังสือเก่า นว.
บนชั้น
  ขอยืม
9. วิทยาศาสตร์การแพทย์ และสุขภาพ
วิทยาศาสตร์การแพทย์ และสุขภาพ
สถานะ=หนังสือเก่า
QW160 ด148ว ฉ.8 
  Barcode: 24597
ห้องสมุดวิทยาเขตนครสวรรค์
►ส่วนจัดเก็บหนังสือเก่า นว.
บนชั้น
  ขอยืม
10. วิทยาศาสตร์การแพทย์ และสุขภาพ
วิทยาศาสตร์การแพทย์ และสุขภาพ
สถานะ=หนังสือเก่า
QW160 ด148ว ฉ.9 
  Barcode: 24598
ห้องสมุดวิทยาเขตนครสวรรค์
►ส่วนจัดเก็บหนังสือเก่า นว.
บนชั้น
  ขอยืม

รายการใกล้เคียง
    ผู้แต่ง [ดลฤดี สงวนเสริมศรี]

    หัวเรื่อง [Medical virology]
    หัวเรื่อง [Virology]
    หัวเรื่อง [ไวรัสวิทยาทางการแพทย์]
    หัวเรื่อง [ไวรัสวิทยา]

BibComment


ยังไม่เคยถูกคอมเมนท์

คอมเมนท์ทรัพยากรรายการนี้
  คอมเมนท์: ไวรัสวิทยาทางการ..


 Copyright 2026. Bcnsprnw @Library